Click the Brady Bunch Quiz Stats

 Plays Quiz Updated Oct 3, 2017

Support Sporcle.
Go Orange.
Score 0/9 Timer 02:00
1 Play Today
% Correct
Marcia
92.2%
Carol
91.5%
Alice
90.7%
Cindy
90.2%
Greg
89.9%
Mike
88.7%
Bobby
88.7%
Jan
88.4%
Peter
86.4%

From the Vault

30 Countries with Lots of Old People

by Booger

If you're selling warm sweaters and comfortable shoes, these countries are buying.
Remove Ads.
Support Sporcle.
Get the best of Sporcle when you Go Orange. This ad-free experience offers more features, more stats, and more fun while also helping to support Sporcle. Thank you for becoming a member.

Show Comments

Extras

Top Quizzes Today


Score Distribution

Your Account Isn't Verified!

In order to create a playlist on Sporcle, you need to verify the email address you used during registration. Go to your Sporcle Settings to finish the process.

Report this User

Report this user for behavior that violates our Community Guidelines.

Details: